[Event "LSS ZN-2009-0-00657"]
[Site "LSS email"]
[Date "2009.07.05"]
[Round "?"]
[White "Martin, Alonso"]
[Black "Vontina, Maria"]
[Result "0-1"]
[WhiteElo "833"]
[BlackElo "650"]
[PlyCount "92"]
[EventDate "2009.06.29"]
[EventType "match (corr)"]
[EventRounds "2"]
[EventCountry "GER"]
[SourceTitle "Corr 2011"]
[Source "ChessBase"]
[SourceDate "2010.08.31"]
[SourceVersion "1"]
[SourceVersionDate "2010.08.31"]
[SourceQuality "1"]

1. c4 Nf6 2. Nc3 e6 3. Nf3 d5 4. cxd5 Nxd5 5. d4 Be7 6. e4 Nf6 7. Be2 0-0 8. 0-0 a6 9. b3 Bd7 10. Bb2 c5 11. d5 exd5 12. exd5 Bd6 13. Qc2 b5 14. Rad1 Bg4 15. h3 Bh5 16. Ne4 Nxe4 17. Qxe4 Bg6 18. Qe3 Nd7 19. Bd3 Re8 20. Qd2 Nf6 21. Bxg6 hxg6 22. Rfe1 Qd7 23. Bxf6 gxf6 24. Re2 Rxe2 25. Qxe2 Re8 26. Qd2 Qc7 27. Re1 Rxe1+ 28. Nxe1 Kg7 29. Nf3 Qe7 30. Qe1 Qxe1+ 31. Nxe1 Kf8 32. g3 f5 33. Kg2 Ke7 34. Kf3 f6 35. Ke3 Be5 36. Nd3 Kd6 37. f4 Bd4+ 38. Kf3 Kxd5 39. g4 fxg4+ 40. hxg4 Bc3 41. Ke3 c4 42. bxc4+ Kxc4 43. f5 g5 44. Ke4 b4 45. Nc1 a5 46. Ke3 a4 0-1

[Event "LSS BI-2009-P-00006"]
[Site "LSS email"]
[Date "2009.04.19"]
[Round "?"]
[White "Kubasky, Alojz"]
[Black "Martin, Alonso"]
[Result "1-0"]
[WhiteElo "2143"]
[BlackElo "813"]
[PlyCount "33"]
[EventDate "2009.04.20"]
[EventType "tourn (corr)"]
[EventRounds "10"]
[EventCountry "GER"]
[SourceTitle "Corr 2011"]
[Source "ChessBase"]
[SourceDate "2010.08.31"]
[SourceVersion "1"]
[SourceVersionDate "2010.08.31"]
[SourceQuality "1"]

1. e4 c6 2. d4 d5 3. e5 Bf5 4. Nc3 e6 5. Nf3 Ne7 6. Be2 Nd7 7. 0-0 h6 8. a4 c5 9. Nb5 Nc8 10. dxc5 Nxc5 11. c4 a6 12. Nbd4 Bg6 13. b4 Ne4 14. Qb3 dxc4 15. Bxc4 Be7 16. Bxe6 fxe6 17. Nxe6 1-0

[Event "LSS BI-2009-P-00006"]
[Site "LSS email"]
[Date "2009.04.19"]
[Round "?"]
[White "Martin, Alonso"]
[Black "Lipsits, Sasha"]
[Result "0-1"]
[WhiteElo "820"]
[BlackElo "1689"]
[PlyCount "26"]
[EventDate "2009.04.20"]
[EventType "tourn (corr)"]
[EventRounds "10"]
[EventCountry "GER"]
[SourceTitle "Corr 2015"]
[Source "ChessBase"]
[SourceDate "2015.07.17"]
[SourceVersion "1"]
[SourceVersionDate "2015.07.17"]
[SourceQuality "1"]

1. d4 Nf6 2. Nf3 d5 3. e3 e6 4. Be2 Nc6 5. 0-0 a6 6. c4 dxc4 7. Bxc4 Bd6 8. Nc3 0-0 9. a3 e5 10. dxe5 Nxe5 11. Be2 Qe7 12. b4 Nxf3+ 13. Bxf3 Qe5 0-1

[Event "LSS BI-2009-P-00006"]
[Site "LSS email"]
[Date "2009.04.19"]
[Round "?"]
[White "Pott, Brian"]
[Black "Martin, Alonso"]
[Result "1-0"]
[WhiteElo "1844"]
[BlackElo "813"]
[PlyCount "33"]
[EventDate "2009.04.20"]
[EventType "tourn (corr)"]
[EventRounds "10"]
[EventCountry "GER"]
[SourceTitle "Corr 2011"]
[Source "ChessBase"]
[SourceDate "2010.08.31"]
[SourceVersion "1"]
[SourceVersionDate "2010.08.31"]
[SourceQuality "1"]

1. e4 c6 2. d4 d5 3. e5 Bf5 4. Nf3 e6 5. Be2 Ne7 6. 0-0 Nd7 7. Nh4 h6 8. Nxf5 Nxf5 9. c3 Be7 10. Bd3 Qc7 11. Nd2 c5 12. Bxf5 exf5 13. Nf3 cxd4 14. Nxd4 0-0 15. Nxf5 Nxe5 16. Bf4 Bf6 17. Qh5 1-0

[Event "LSS RN-2009-0-00194"]
[Site "LSS email"]
[Date "2009.03.02"]
[Round "?"]
[White "Martin, Alonso"]
[Black "Lanier, Jeff"]
[Result "1-0"]
[WhiteElo "806"]
[BlackElo "724"]
[PlyCount "101"]
[EventDate "2009.02.25"]
[EventType "tourn (corr)"]
[EventRounds "6"]
[EventCountry "GER"]
[SourceTitle "Corr 2011"]
[Source "ChessBase"]
[SourceDate "2010.08.31"]
[SourceVersion "1"]
[SourceVersionDate "2010.08.31"]
[SourceQuality "1"]

1. c4 e5 2. Nc3 Bb4 3. Qc2 Nc6 4. e3 Nf6 5. Nf3 0-0 6. Be2 a6 7. 0-0 d6 8. d4 exd4 9. Nxd4 Bxc3 10. Qxc3 Nxd4 11. exd4 Re8 12. Bf3 c6 13. Be3 Bg4 14. Bxg4 Nxg4 15. Rfe1 Nxe3 16. Rxe3 Qf6 17. Rae1 Re6 18. Rxe6 fxe6 19. Re3 Rf8 20. Rf3 Qg6 21. Rxf8+ Kxf8 22. Qf3+ Ke7 23. Qd1 Qf5 24. b3 b6 25. a4 b5 26. axb5 axb5 27. f3 bxc4 28. bxc4 c5 29. Kf2 cxd4 30. Qxd4 e5 31. Qa7+ Kf6 32. Qc7 Qd3 33. Qd8+ Kg6 34. Qe8+ Kh6 35. Qe6+ g6 36. Kg3 Qd4 37. Qg4 Kg7 38. Qxd4 exd4 39. Kf4 d3 40. Ke3 d2 41. Kxd2 Kf6 42. Ke3 Ke6 43. Ke4 g5 44. g4 h6 45. f4 gxf4 46. Kxf4 Kf6 47. h4 Kg6 48. Ke4 Kf6 49. Kd5 Ke7 50. g5 hxg5 51. hxg5 1-0

[Event "LSS RN-2009-0-00194"]
[Site "LSS email"]
[Date "2009.03.02"]
[Round "?"]
[White "Martin, Alonso"]
[Black "Yangibayev, Rustam"]
[Result "0-1"]
[WhiteElo "806"]
[BlackElo "852"]
[PlyCount "82"]
[EventDate "2009.02.25"]
[EventType "tourn (corr)"]
[EventRounds "6"]
[EventCountry "GER"]
[SourceTitle "Corr 2011"]
[Source "ChessBase"]
[SourceDate "2010.08.31"]
[SourceVersion "1"]
[SourceVersionDate "2010.08.31"]
[SourceQuality "1"]

1. c4 e5 2. Nc3 Bb4 3. Qc2 Nc6 4. e3 d6 5. Nf3 Nf6 6. Be2 Bg4 7. 0-0 0-0 8. a3 Ba5 9. b4 Bb6 10. Bb2 Qd7 11. Rad1 a6 12. d4 exd4 13. Nxd4 Nxd4 14. exd4 Bxe2 15. Qxe2 Rfe8 16. Qf3 Rab8 17. Nd5 Nxd5 18. Qxd5 Ba7 19. Qf3 Re6 20. d5 Rg6 21. Rfe1 Rd8 22. Re4 Re8 23. Rde1 Rxe4 24. Qxe4 h6 25. Qe8+ Qxe8 26. Rxe8+ Kh7 27. h3 b5 28. cxb5 axb5 29. Re7 Bb6 30. Kf1 Kg8 31. Re4 Rg5 32. Bd4 Rxd5 33. Bxb6 cxb6 34. Ke2 f6 35. Ke3 Kf7 36. f4 f5 37. Rd4 Ke6 38. h4 h5 39. Kd3 g6 40. g3 Rxd4+ 41. Kxd4 d5 0-1

[Event "IECG QN.2004.0.00326"]
[Site "IECG email"]
[Date "2004.05.21"]
[Round "?"]
[White "Martin, Alonso"]
[Black "Clark, De"]
[Result "0-1"]
[WhiteElo "800"]
[BlackElo "700"]
[PlyCount "73"]
[EventDate "2004.05.21"]
[EventType "tourn (corr)"]
[EventRounds "6"]
[SourceTitle "Corr 2008"]
[Source "ChessBase"]
[SourceDate "2008.06.24"]
[SourceVersion "1"]
[SourceVersionDate "2008.06.24"]
[SourceQuality "1"]

1. e4 e5 2. Nf3 Nc6 3. Bb5 Nf6 4. 0-0 Bc5 5. h3 Nxe4 6. Bxc6 dxc6 7. d3 Nxf2 8. Rxf2 Bxf2+ 9. Kxf2 Bf5 10. Nc3 0-0 11. Be3 Qe7 12. Qd2 f6 13. a3 Rad8 14. Bc5 Qxc5+ 15. Qe3 Qd6 16. Qxa7 Bxd3 17. Rd1 e4 18. Nxe4 Bxe4 19. Rxd6 Rxd6 20. Qxb7 Bxc2 21. Qxc7 Rfd8 22. b4 Bd1 23. Qa7 Bxf3 24. gxf3 h5 25. a4 h4 26. Qe3 Rd4 27. a5 Rxb4 28. f4 Ra4 29. Qb6 Rd3 30. Qxc6 Ra2+ 31. Ke1 Re3+ 32. Kd1 Rxa5 33. Qc8+ Kh7 34. Qg4 Rd5+ 35. Kc2 g5 36. fxg5 fxg5 37. Qc8 0-1